000 00763nam a2200253Ia 4500
003 OSt
005 20221005042305.0
006 a|||||r|||| 00| 0
007 ta
008 221004b |||||||| |||| 00| 0 urd d
020 _a8171210600
_c45
024 _a4695
037 _b6066, 25/03/2013, Educational Publishing House
_cTextual
040 _aCRL
_cCRL
_burd
041 _2urd
_aurd
082 _aO168,3x251, 168P9
100 _aSalahuddin Ed.
245 0 _aDehli ki aakhri shama
260 _aDelhi
_bUrdu Academy India
_c2009
300 _a147p.
_ccm.
650 _aURDU FICTION
_93298
942 _hO168,3x251, 168P9
_cTEXL
_2cc
999 _c950012
_d950012